| 000 | 00888nam a22003257a 4500 | ||
|---|---|---|---|
| 001 | 0027236 | ||
| 003 | KOHA_MİRAKIL | ||
| 005 | 20260207002551.0 | ||
| 007 | ta | ||
| 008 | 110131b2000 tu |||gr||||#||||0|tur | | ||
| 020 | _a9754831750 | ||
| 040 |
_aTR-BiSEU _btur _cTR-BiSEU _erda |
||
| 041 | 0 | _atur | |
| 044 | _ctu | ||
| 050 |
_aTD370 _b.Y37 2000 |
||
| 100 | 1 | _aEgemen, Özdemir. | |
| 245 | 1 |
_aÇevre ve su kirliliği/ _cÖzdemir Egemen ; Özdemir Egemen. |
|
| 250 | _a3 .bs. | ||
| 264 | 1 |
_aİzmir : _bEge Ünv. Basımevi _c2000 |
|
| 300 | _a120 s. | ||
| 336 |
_ametin _btxt _2rdacontent |
||
| 337 |
_aaracısız _bn _2rdamedia |
||
| 338 |
_acilt _bnc _2rdacarrier |
||
| 490 | 0 | _aEge Ünv. | |
| 490 | 0 | _aSu Ürünleri Fakültesi: 42 | |
| 650 | 0 |
_aKirlilik. _910689 |
|
| 830 | 0 |
_aEge Ünv. _953966 |
|
| 830 | 0 |
_aSu Ürünleri Fakültesi: 42 _953967 |
|
| 942 |
_2lcc _cBK |
||
| 999 |
_c27170 _d27170 |
||